000 00509cam a2200205ua 4500
001 6715
005 20260515114108.0
008 140308n ii |||gr||||Z||||||eng
040 _cMAIN
082 _a510
245 _aBusiness mathematics
_cBy P.P. Gupta
250 _a2nd ed.
260 _aNew delhi:
_bS. Chand & company ltd,
_c1988.
300 _ax,418p.
653 _aMathematics
653 _aBusiness mathematics
700 _aGupta,P.P.,
_eAuthor.,
700 _aMalik,G.S.,
_eAuthor.
942 _cBK
999 _c5858
_d5858